000 02300cam a2200445 a 4500
001 15985019
003 OSt
005 20140310182747.0
008 091116s2010 mdu b 001 0 eng
010 _a 2009048167
020 _a9780810874299 (pbk. : alk. paper)
020 _a0810874296 (pbk. : alk. paper)
020 _a9780810874305 (ebk.)
020 _a081087430X (ebk.)
035 _a(OCoLC)ocn468232917
040 _aDLC
_cDLC
_dYDX
_dYDXCP
_dBWX
_dCDX
_dDLC
043 _an-us---
_an-cn---
050 0 0 _aZ 666
_b.P475 2010
100 1 _aPeters, Diane E.
245 1 0 _aInternational students and academic libraries :
_ba survey of issues and annotated bibliography /
_cDiane E. Peters.
260 _aLanham, Md. :
_bScarecrow Press,
_c2010.
300 _aiii, 213 p. :
_c23 cm.
504 _aIncludes bibliographical references and indexes.
505 0 _aA survey of issues -- Annotated bibliography -- Basic library orientation -- Bibliographic instruction/information literacy -- Bibliographies -- Collection development -- Computers and the internet -- Distance education -- General works -- Globalization/internationalization and academic libraries -- Guides for international students -- Interlibrary loan -- Language/communication -- Library administration -- Marketing/outreach -- Reference services -- Staff development and training -- Staff exchanges and international visits -- Web resources -- Work with international faculty.
562 _efor circulation. 1 copy available in the collection
650 0 _aLibrary science
_vBibliography.
650 0 _aLibrary schools
_zUnited States
_vBibliography.
650 0 _aLibrary schools
_zCanada
_vBibliography.
650 0 _aStudents, Foreign
_zUnited States
_vBibliography.
650 0 _aStudents, Foreign
_zCanada
_vBibliography.
650 0 _aLibrary science
_zUnited States
_vBibliography.
650 0 _aLibrary science
_zCanada
_vBibliography.
650 0 _aInternational librarianship
_vBibliography.
650 0 _aForeign study
_zUnited States
_vBibliography.
650 0 _aForeign study
_zCanada
_vBibliography.
906 _a7
_bcbc
_corignew
_d1
_eecip
_f20
_gy-gencatlg
942 _2lcc
_cBK
_kFOR
999 _c15680
_d15680